|
|
|
|
| LEADER |
01045nam a2200265 a 4500 |
| 001 |
13655259 |
| 008 |
120717s2008 enka b 001 0 eng d |
| 010 |
|
|
|a 2004054642
|
| 020 |
|
|
|a 9780521733151
|
| 020 |
|
|
|a 0521808820 (alk. paper)
|
| 020 |
|
|
|a 0521004969 (pbk. : alk. paper)
|
| 040 |
|
|
|a DLC
|c DLC
|d YDX
|d UKM
|d DLC
|d BD-DhAAL
|
| 082 |
0 |
0 |
|a 414/.8
|2 22
|
| 100 |
1 |
|
|a Ashby, Michael.
|
| 245 |
1 |
0 |
|a Introducing phonetic science /
|c Michael Ashby and John Maidment.
|
| 260 |
|
|
|a Cambridge ;
|a New York :
|b Cambridge University Press,
|c 2008.
|
| 300 |
|
|
|a viii, 222 p. :
|b ill. ;
|c 26 cm.
|
| 490 |
1 |
|
|a Cambridge introductions to language and linguistics
|
| 504 |
|
|
|a Includes bibliographical references and index.
|
| 541 |
|
|
|a 00025569
|
| 650 |
|
0 |
|a Phonetics.
|
| 700 |
1 |
|
|a Maidment, John A.
|
| 852 |
1 |
|
|a Ayesha Abed Library
|j General shelf
|
| 999 |
|
|
|c 12590
|d 12590
|
| 952 |
|
|
|0 0
|1 0
|2 ddc
|4 0
|6 414_800000000000000_ASH
|7 0
|9 20818
|a BRACUL
|b BRACUL
|d 2012-07-25
|e Riza Enterprize
|g 540.00
|l 2
|m 2
|o 414.8 ASH
|p 3010025569
|r 2016-05-09
|s 2016-04-20
|t 1
|w 2012-07-25
|y BK
|